Bars in Astoria NYC Quiz Stats

 Plays Quiz not verified by Sporcle

Support Sporcle.
Go Orange.
Score 0/104 Timer 10:00
0 Plays Today
Bar % Correct
Bohemian Hall & Beer Garden
55%
Astoria Bier & Cheese
40%
Sweet Afton
40%
Katch
35%
Studio Square
35%
Gleason's
35%
Raven's Head
33.3%
Strand
30%
Queens Kickshaw
30%
Raven's Head
30%
Sparrow
25%
Tippin' Inn
25%
Cronin & Phelan's
25%
Blackbird's
25%
Broadway Station
25%
McCann's
25%
Oliver's
25%
Cronin and Phelan
25%
Locale
25%
Gilbey's
20%
Crescent & Vine
20%
Quays
20%
Mad Donkey
20%
Dominie's Hoek
20%
Astor Room
20%
Ovelia
20%
Cavo
15%
Hellgate Social
15%
Mar's
15%
Sunswick
15%
Burger Club
15%
Flo
15%
Winegasm
15%
Grand Cafe
15%
Veronica's
15%
Bar % Correct
Break
15%
Irish Rover
15%
Don Cocqui
15%
Rapture
15%
Rest-au-Rant
15%
Shady Lady
15%
Sugar Freak
15%
William Hallett
10%
Daly's
10%
Monica's Cafe Bar
10%
Astoria Brewhouse
10%
Karaoke Shout
10%
Shillelagh Tavern
10%
Crescent Lounge
10%
Dillinger's
10%
Sissy McGinty's
10%
Canz
10%
Snowdonia
10%
Central
10%
McCaffrey & Burke
10%
Rocky McBride's
10%
Mosaic
10%
Margaritas
10%
Crehan's
10%
Hellgate on the Park
10%
McLaughlin's
10%
Bourbon and Vine
10%
Rocky McBride's
8.3%
Avenue
8.3%
Singlecut
8.3%
Max Bratwurst und Bier
8.3%
Sweet Spot
8.3%
Mexi-BBQ
5%
Bistro 33
5%
DiWine
5%
Bar % Correct
New York Doghouse
5%
Vesta
5%
Fatty's
5%
Old Prague
5%
Astoria Billiards
5%
Pizzeria Uno
5%
Applebee's
5%
Doyle's Corner
5%
O'Hanlon's
5%
Mermaids
5%
Basurero
5%
Riviera
5%
Tacos Mexico
5%
Guacamole
5%
Kelly's
5%
Veslo
0%
Ommonia
0%
Bear
0%
Pachenga Patterson
0%
Caprice
0%
Bungalow
0%
Starlet's
0%
Club 21
0%
Tantra
0%
La Bottega
0%
MP Taverna
0%
Hell Gate Tiki
0%
Black Rock
0%
Ice
0%
El Mariachi
0%
Steinway Billiards
0%
Scorpio
0%
Heaven
0%
S Prime
0%

You're not logged in!

Compare scores with friends on all Sporcle quizzes.
OR
Log In

From the Vault

Building Bridges V

by jyrops

Building bridges is better than burning them.
Remove Ads.
Support Sporcle.
Get the best of Sporcle when you Go Orange. This ad-free experience offers more features, more stats, and more fun while also helping to support Sporcle. Thank you for becoming a member.

Show Comments

Extras

Created Nov 2, 2013ReportNominate
Tags:NYC Neighborhoods

Top Quizzes Today


Score Distribution

Your Account Isn't Verified!

In order to create a playlist on Sporcle, you need to verify the email address you used during registration. Go to your Sporcle Settings to finish the process.

Report this User

Report this user for behavior that violates our Community Guidelines.

Details: